Statistics for Државе Азије

Click here to take the quiz!

General Stats

  • This quiz has been taken 790 times
  • The average score is 37 of 48

Answers on the Map

Answers color-coded by a green-red scale on the quiz's map according to % correct below.
Loading ...
 

Answer Stats

Country% Correct
Кина
99%
Јапан
98%
Турска
98%
Индија
97%
Јужна Кореја
94%
Северна Кореја
94%
Ирак
93%
Иран
93%
Монголија
92%
Казахстан
92%
Саудијска Арабија
91%
Индонезија
91%
Пакистан
86%
Туркменистан
85%
Авганистан
84%
Узбекистан
83%
Таџикистан
82%
Уједињени Арапски Емирати
82%
Јемен
82%
Израел
82%
Шри Ланка
81%
Азербејџан
81%
Непал
80%
Филипини
80%
Оман
80%
Тајланд
79%
Кипар
77%
Вијетнам
77%
Сирија
77%
Катар
76%
Грузија
76%
Јордан
74%
Киргистан
74%
Јерменија
72%
Тајван
71%
Бутан
68%
Бангладеш
68%
Малезија
66%
Лаос
66%
Мјанмар
65%
Камбоџа
61%
Кувајт
61%
Либан
61%
Сингапур
58%
Бахреин
58%
Малдиви
56%
Брунеј
48%
Источни Тимор
46%

Score Distribution

Percentile by Number Answered

Percent of People with Each Score

Your Score History

You have not taken this quiz